| 000 | 00849cam a22002897a 4500 | ||
|---|---|---|---|
| 003 | CHAP | ||
| 005 | 20220329141548.0 | ||
| 008 | 971013s1986 r 00010 d | ||
| 010 | _a70169 | ||
| 011 | _a71141 | ||
| 035 | _a80695 | ||
| 040 | _cCHAP | ||
| 082 |
_a338.1731 _bC65 |
||
| 110 |
_aComisión Económica Europea _925710 |
||
| 245 | 1 | 4 | _aThe grain market |
| 260 |
_aNew York : _bUnited Nations, _c1986 |
||
| 300 | _a42 p. | ||
| 490 | 0 | _aAgricultural review for Europe No. 28/3 | |
| 500 | _aD19-202 | ||
| 590 |
_aBATCH-UPD _b10 _c20130110 _lUCH01 _h0437 |
||
| 590 |
_aCONVERSION _b10 _c20130109 _lUCH01 _h1339 |
||
| 650 | 1 | 4 |
_aCereales _xMercadeo _xEuropa. _921440 |
| 830 | 0 |
_aAgricultural review for Europe No. 28/3 _92111 |
|
| 901 | _aBK | ||
| 942 | _cLIBRO | ||
| 949 |
_a338.1731 C65 _bBC _cLIBRO _d33724000111118 _eLIBRO _h73390 _i80695 _si |
||
| 999 |
_c70169 _d70169 |
||